Подробности
| 000 -МАРКЕР |
| контрольное поле |
02092nam2a2200301 4500 |
| 001 - ИДЕНТИФИКАТОР ЗАПИСИ |
| контрольное поле |
RU\NLR\bibl\1919198 |
| 005 - ИДЕНТИФИКАТОР ВЕРСИИ |
| контрольное поле |
20260408081140.0 |
| 010 ## - МЕЖДУНАРОДНЫЙ СТАНДАРТНЫЙ НОМЕР КНИГИ (ISBN) |
| Номер (ISBN) |
978-5-7314-0270-5 |
| Тираж |
70 |
| 021 ## - НОМЕР ГОСУДАРСТВЕННОЙ РЕГИСТРАЦИИ |
| Код страны |
Российская Федерация |
| Номер |
2012-40977 |
| Номер Листа государственной регистраци |
3028 |
| 035 ## - ДРУГИЕ СИСТЕМНЫЕ НОМЕРА |
| Идентификатор записи |
(NLR Aleph) 001908674 |
| 100 ## - ДАННЫЕ ОБЩЕЙ ОБРАБОТКИ |
| Данные общей обработки |
20120628d2011 |||y0rusy50 ca |
| 101 0# - ЯЗЫК РЕСУРСА |
| Язык текста, звукозаписи и т.д. |
русский |
| 102 ## - СТРАНА ПУБЛИКАЦИИ ИЛИ ПРОИЗВОДСТВА |
| Страна публикации |
Российская Федерация |
| 105 ## - ПОЛЕ КОДИРОВАННЫХ ДАННЫХ: ТЕКСТОВЫЕ МАТЕРИАЛЫ, МОНОГРАФИЧЕСКИЕ |
| Кодированные данные о монографическом текстовом документе |
a ||||||||| |
| 200 0# - ЗАГЛАВИЕ И СВЕДЕНИЯ ОБ ОТВЕТСТВЕННОСТИ |
| Основное заглавие |
Вып. 9 |
| Сведения, относящиеся к заглавию |
материалы IX республиканской научно-практической конференции, 5 мая 2011 г. |
| Первые сведения об ответственности |
[сост.: Д.И. Макарова |
| Последующие сведения об ответственности |
науч. ред.: Г.Б. Чуракова] |
| 210 ## - ПУБЛИКАЦИЯ, РАСПРОСТРАНЕНИЕ И ДР. |
| Дата издания, распространения и т.д. |
2011 |
| Место издания, распространения и т.д. |
Б. м. |
| 215 ## - ФИЗИЧЕСКАЯ ХАРАКТЕРИСТИКА |
| Специфическое обозначение материала и объем |
131 с. |
| Другие сведения о физической характеристике |
ил. |
| 320 ## - ПРИМЕЧАНИЯ О НАЛИЧИИ В ДОКУМЕНТЕ БИБЛИОГРАФИИ / УКАЗАТЕЛЯ |
| Текст примечания |
Библиогр. в конце докл. |
| 461 #0 - УРОВЕНЬ НАБОРА |
| Встроенное поле |
001RU\NLR\bibl\1329928 |
| -- |
2001#$aТрадиции и инновации в образовании$vВып. 9 |
| Системный номер (АБИС) связанной записи |
704512 |
| Место публикации |
Ижевск |
| Дата публикации |
2008 |
| Первые сведения об ответственности |
М-во образования и науки Удмурт. Респ., Ин-т повышения квалификации и переподгот. работников образования Удмурт. Респ., Приоритет. нац. проект "Образование" |
| Имя издателя, распространителя и т.д. |
Изд-во Института повышения квалификации и переподготовки работников образования Удмуртской Республики |
| Сведения, относящиеся к заглавию |
[сборник] |
| Заглавие |
Традиции и инновации в образовании |
| Номер тома |
Вып. 9 |
| 702 #1 - ИМЯ ЛИЦА - ВТОРИЧНАЯ ОТВЕТСТВЕННОСТЬ |
| Начальный элемент ввода |
Чуракова |
| Часть имени, кроме начального элемента ввода |
Г. Б. |
| Код отношения |
Редактор |
| 702 #1 - ИМЯ ЛИЦА - ВТОРИЧНАЯ ОТВЕТСТВЕННОСТЬ |
| Код отношения |
Составитель |
| Материалы, к которым относится поле |
rus |
| Графика поля |
Кириллица |
| Начальный элемент ввода |
Макарова |
| Часть имени, кроме начального элемента ввода |
Д. И. |
| Дополнения к именам, кроме дат |
канд. филол. наук, методист |
| Расширение инициалов личного имени |
Дарья Ивановна |
| Идентификатор авторитетной/нормативной записи |
RU\NLR\auth\77123509 |
| Системный номер авторитетной/нормативной записи |
106434 |
| 711 12 - НАИМЕНОВАНИЕ ОРГАНИЗАЦИИ - АЛЬТЕРНАТИВНАЯ ОТВЕТСТВЕННОСТЬ |
| Начальный элемент ввода |
"Традиции и инновации в образовании", удмуртская республиканская научно-практическая конференция |
| Порядковый номер временной организации и / или порядковый номер ее части |
9 |
| Дата проведения временной организации |
2011 |
| Место проведения временной организации |
Ижевск |
| Идентификатор авторитетной/нормативной записи |
RU\NLR\AUTH\8810221323 |
| Системный номер авторитетной/нормативной записи |
327614 |
| 801 #0 - ИСТОЧНИК ЗАПИСИ |
| Страна |
Российская Федерация |
| Организация |
NLR |
| Дата составления |
20120628 |
| Правила каталогизации |
RCR |
| 801 #1 - ИСТОЧНИК ЗАПИСИ |
| Страна |
Российская Федерация |
| Организация |
NLR |
| Дата составления |
20120628 |
| 942 ## - ДОПОЛНИТЕЛЬНЫЕ ЭЛЕМЕНТЫ ЗАПИСИ (АБИС) |
| Тип экземпляра АБИС |
Книга |
| 980 ## - КОЛЛЕКЦИЯ |
| Название коллекции |
Национальная библиография |